Marine diesel engines (Record no. 12054)

000 -LEADER
fixed length control field 00529nam a2200205 4500
001 - CONTROL NUMBER
control field 12054
003 - CONTROL NUMBER IDENTIFIER
control field BD-DhUET
008 - FIXED-LENGTH DATA ELEMENTS--GENERAL INFORMATION
fixed length control field 740812s1972 enka 001 0 eng
020 ## - INTERNATIONAL STANDARD BOOK NUMBER
International Standard Book Number 0408000775
040 ## - CATALOGING SOURCE
Original cataloging agency DLC
Transcribing agency DLC
Modifying agency BD-DhUET
082 00 - DEWEY DECIMAL CLASSIFICATION NUMBER
Classification number 626.87236
Item number POU/1972
100 ## - MAIN ENTRY--PERSONAL NAME
Personal name Pounder, C. C.
245 10 - TITLE STATEMENT
Title Marine diesel engines
250 ## - EDITION STATEMENT
Edition statement 5th ed.
260 ## - PUBLICATION, DISTRIBUTION, ETC. (IMPRINT)
Place of publication, distribution, etc. London
Name of publisher, distributor, etc. Newnes-Butterworths
Date of publication, distribution, etc. 1972
300 ## - PHYSICAL DESCRIPTION
Extent 12, 737 p.
Other physical details illus.
Dimensions 23 cm.
490 0# - SERIES STATEMENT
Series statement Marine engineering series
650 #0 - SUBJECT ADDED ENTRY--TOPICAL TERM
Topical term or geographic name as entry element Marine diesel motors
942 ## - ADDED ENTRY ELEMENTS (KOHA)
Koha item type General Book
Holdings
Lost status Not for loan Copy number Withdrawn status Sublocation or collection (holding branch) Damaged status Koha full call number Location (home branch) Koha item type Koha normalized classification for sorting Date acquired Shelving location Price effective from Koha date last seen Source of classification or shelving scheme Piece designation (barcode)
  1 Central Library, BUET 626.87236/POU/1972Central Library, BUETGeneral Book626_872360000000000_POU_19722015-02-23Circulation section2015-02-232015-02-23 52342
  2 Central Library, BUET 626.87236/POU/1972Central Library, BUETGeneral Book626_872360000000000_POU_19722015-02-23Circulation section2015-02-232015-02-23 52125
  3 Central Library, BUET 626.87236/POU/1972Central Library, BUETGeneral Book626_872360000000000_POU_19722015-03-09Circulation section2015-03-092015-03-09 53242
  4 Central Library, BUET 626.87236/POU/1972Central Library, BUETGeneral Book626_872360000000000_POU_19722015-05-06Circulation section2015-05-062015-05-06 34390
  5 Central Library, BUET 626.87236/POU/1972Central Library, BUETReading Item626_872360000000000_POU_19722015-06-22Reading section2015-06-222015-06-22 34388
  6 Central Library, BUET 626.87236/POU/1972Central Library, BUETReading Item626_872360000000000_POU_19722015-06-23Reading section2015-06-232015-06-23 36819
  7 Central Library, BUET 626.87236/POU/1972Central Library, BUETReading Item626_872360000000000_POU_19722015-06-23Reading section2015-06-232015-06-23 53243